La adquisición de la lengua española
Tallennettuna:
| Päätekijä: | |
|---|---|
| Aineistotyyppi: | Kirja |
| Kieli: | espanja |
| Julkaistu: |
Madrid
Siglo XXI
1994
|
| Sarja: | Lingüística y Teoría Literaria
|
| Aiheet: | |
| Tagit: |
Lisää tagi
Ei tageja, Lisää ensimmäinen tagi!
|
MARC
| LEADER | 00000nam a2200000 a 4500 | ||
|---|---|---|---|
| 001 | UCL0592 | ||
| 003 | CL-VaPUC | ||
| 008 | 030728e19940000SP |||||||||||||||||spa|d | ||
| 020 | |a 8432308471 | ||
| 082 | 0 | 4 | |a 401.93 |b LOP |2 21 |
| 100 | |a López Ornat, Susana |e autora |9 560614 | ||
| 245 | 1 | 3 | |a La adquisición de la lengua española |
| 300 | |a 604 p | ||
| 942 | |c BK | ||
| 945 | |d 20030728 00:00:00 |a cmena | ||
| 260 | |a Madrid |b Siglo XXI |c 1994 | ||
| 650 | 0 | |a Adquisición del lenguaje |9 309032 | |
| 650 | 0 | |a Psicolingüística |9 283371 | |
| 650 | 7 | |a ESTRUCTURA GRAMATICAL |2 CL-VaPUC |9 419974 | |
| 583 | |a last modification |c 20030728 00:00:00 |k Rodrigo Vera | ||
| 490 | 0 | |a Lingüística y Teoría Literaria | |
| 999 | |c 304409 |d 304407 | ||
| 952 | |0 0 |1 0 |4 0 |6 401_930000000000000_LOP_1994 |7 0 |8 A |9 366639 |a FDOPOS |b FDOPOS |d 2019-11-21 |i 391044K |o 401.93 LOP 1994 |p 391044K |r 2025-01-22 |w 2019-11-21 |y BK |k MLA | ||